00961cam a2200253 a 4500999001500000001000500015003000900020005001700029008004100046020001500087040003800102082001600140100001800156245007000174260007200244300004400316490002300360504004100383650006400424651005100488710004200539942001200581952011400593 c2368d23685290BD-DhUAP20210128163242.0011213s1995 bg abf b f000 0 eng  a9847730032 aBD-DhUAPcBD-DhUAPdBD-DhUAPbEng00a934 MUS223 aMusa, Md Abu.00aArchaeological survey report, Munshiganj District /cMd Abu Musa. aDhaka :bDept. of Archaeology, Ministry of Cultural Affairs,c2000. axi, 91 pages :billustrations ;c25 cm. aB.A. series ;v18. aIncludes bibliographical references. 0aExcavations (Archaeology)zBangladeshzDinājpur District. 0aDinājpur District (Bangladesh)xAntiquities.1 aBangladeshbDepartment of Archaeology 2ddccBK 00102ddc4070aUAPCLbUAPCLcGeneral Stacksd2020-02-23o934 MUSp3010005290r2020-02-23t1w2020-02-23yBK